00923cam a2200277 a 4500001000500000005001700005020001800022040002300040050001400063082000800077100002200085245003900107250004100146260003900187300006000226490001700286505000800303520017000311521002300481521002000504650002000524650002500544650002200569650001900591700003500610438520241122085939.0 a9780545365659 aDLCcDLCdDLCbeng00aPZ7.U637800a3101 aUrbanovic, Jackie10aDuck and cover /cJackie Urbanovic aFirst Scholastic printing , May 2011 aNew York : bScholastic ;c2009 .  a32 unnumbered pages :bcolor illustrations ;c22 cm .  aMax the Duck aJ  aIrene and her menagerie of pets, including Max the duck, take in an alligator who has run away from the zoo, in spite of grave concerns about his voracious appetite.1 a500 bLexile AD 1 aJ bRaz-Plus  1aDucksvFiction. 1aAlligatorsvFiction. 1aAnimalsvFiction. 1aPetsvFiction.1 aUrbanovic, Jackieeillustrator